A room of one`s own (Record no. 10211)

MARC details
000 -LEADER
fixed length control field 00460cam a2200181ua 4500
008 - FIXED-LENGTH DATA ELEMENTS--GENERAL INFORMATION
fixed length control field 190916n ii |||gr||||Z||||||eng
020 ## - INTERNATIONAL STANDARD BOOK NUMBER
International Standard Book Number 9788175994157
040 ## - CATALOGING SOURCE
Transcribing agency MAIN
082 ## - DEWEY DECIMAL CLASSIFICATION NUMBER
Classification number 824.912
100 ## - MAIN ENTRY--PERSONAL NAME
Personal name Virginia Woolf,
Relator term
245 ## - TITLE STATEMENT
Title A room of one`s own
Statement of responsibility, etc. By Virginia Woolf
260 ## - PUBLICATION, DISTRIBUTION, ETC.
Place of publication, distribution, etc. New Delhi:
Name of publisher, distributor, etc. finger print classics,
Date of publication, distribution, etc. 2018.
300 ## - PHYSICAL DESCRIPTION
Extent 120p.
942 ## - ADDED ENTRY ELEMENTS (KOHA)
Koha item type Books
653 ## - INDEX TERM--UNCONTROLLED
Uncontrolled term English essays
653 ## - INDEX TERM--UNCONTROLLED
Uncontrolled term Women and fiction
Holdings
Withdrawn status Lost status Damaged status Not for loan Home library Current library Shelving location Date acquired Total Checkouts Full call number Barcode Date last seen Copy number Price effective from Koha item type Date last checked out
        Naharkatiya College Central Library Naharkatiya College Central Library General Stacks 19/09/2020   824.912English Literature | WOO 27616 19/09/2020 1 19/09/2020 Books  
        Naharkatiya College Central Library Naharkatiya College Central Library General Stacks 19/09/2020   824.912English Literature | WOO 27617 19/09/2020 2 19/09/2020 Books  
        Naharkatiya College Central Library Naharkatiya College Central Library General Stacks 19/09/2020 1 824.912English Literature | WOO 27618 13/02/2021 3 19/09/2020 Books 11/01/2021

Naharkatiya College © 2020. All rights reserved.

Powered By